|
|
|
|
| LEADER |
00000cam a2200000 7i4500 |
| 001 |
0000002695 |
| 005 |
20240912.0 |
| 008 |
240606 enk a eng |
| 020 |
|
|
|a 0137665016 (hardback)
|
| 040 |
|
|
|a INS
|b eng
|e rda
|
| 090 |
0 |
0 |
|a RHD1379
|b .H86 1982
|
| 100 |
1 |
|
|a Hussander, Martin ,
|e author
|
| 245 |
1 |
0 |
|a Real estate syndicator's manual and guide
|c Martin Husaander
|
| 250 |
|
|
|a Second editor
|
| 264 |
|
1 |
|a London :
|b Prentice-Hall, Inc.
|c 1982
|
| 264 |
|
4 |
|c ©1982
|
| 300 |
|
|
|a 256 pages :
|b illustrations ;
|c 29 cm.
|
| 336 |
|
|
|a text
|2 rdacontent
|
| 337 |
|
|
|a unmediated
|2 rdamedia
|
| 338 |
|
|
|a volume
|2 rdacarrier
|
| 500 |
|
|
|a Includes index
|
| 650 |
|
0 |
|a Real estate investment
|z United States
|
| 650 |
|
0 |
|a Syndicates (Finance)
|z United States
|
| 999 |
|
|
|a 0000001160
|b BOOK
|c Red Spot
|e Default branch
|